[Event "Warsaw YMCA Autumn-A 278th"]
[Site "Warsaw"]
[Date "2023.11.29"]
[Round "9"]
[White "Choroszej, Aleksander"]
[Black "Kasperkiewicz, Pawel"]
[Result "1-0"]
[WhiteElo "1878"]
[BlackElo "1784"]
[PlyCount "39"]
[EventDate "2023.09.22"]
[EventType "tourn"]
[EventRounds "13"]
[EventCountry "POL"]
[SourceTitle "EXT 2025"]
[Source "ChessBase"]
[SourceDate "2024.10.14"]
[SourceVersion "1"]
[SourceVersionDate "2024.10.14"]
[SourceQuality "1"]

1. d4 e6 2. c4 f5 3. Nc3 Bb4 4. g3 Nf6 5. Bg2 0-0 6. Nf3 Bxc3+ 7. bxc3 d6 8. 0-0 Nc6 9. c5 dxc5 10. Ba3 Ne4 11. Qc2 Na5 12. Ne5 b6 13. Rad1 Qf6 14. f3 Nd6 15. f4 Ne4 16. dxc5 bxc5 17. Bxe4 fxe4 18. Bxc5 Rd8 19. Ng4 Qf5 20. Rxd8+ 1-0

[Event "Warsaw YMCA Autumn-A 278th"]
[Site "Warsaw"]
[Date "2023.10.27"]
[Round "6"]
[White "Kasperkiewicz, Pawel"]
[Black "Makowski, Tomasz"]
[Result "1-0"]
[WhiteElo "1784"]
[BlackElo "1775"]
[PlyCount "76"]
[EventDate "2023.09.22"]
[EventType "tourn"]
[EventRounds "13"]
[EventCountry "POL"]
[SourceTitle "EXT 2025"]
[Source "ChessBase"]
[SourceDate "2024.10.14"]
[SourceVersion "1"]
[SourceVersionDate "2024.10.14"]
[SourceQuality "1"]

1. e4 e6 2. d4 d5 3. exd5 exd5 4. Nf3 Nc6 5. Bb5 Bd7 6. 0-0 Bd6 7. Re1+ Nge7 8. c4 dxc4 9. Bxc4 h6 10. Nc3 0-0 11. h3 Re8 12. a3 Ng6 13. Rxe8+ Qxe8 14. Qc2 Nce7 15. Be3 c6 16. Re1 Qf8 17. Ba2 Bf5 18. Qd2 Rd8 19. d5 Bb8 20. Bc5 b6 21. Bxe7 Nxe7 22. Nd4 Bg6 23. Rxe7 Qxe7 24. Nxc6 Qd6 25. Nxd8 Qh2+ 26. Kf1 Qh1+ 27. Ke2 Qxg2 28. Qe3 Bh5+ 29. Kd2 g5 30. Qe8+ Kg7 31. Ne6+ fxe6 32. Qxh5 Qxf2+ 33. Qe2 Qd4+ 34. Kc2 e5 35. Bb3 Qh4 36. Qg4 Qxg4 37. hxg4 Kg6 38. Ba4 h5 1-0